Analýza sociálnej situácie vybraných krajín Európskej únie
Charakteristika postavenia krajín Višegradského zoskupenia medzi krajinami pôvodnej "pätnástky" a, to na základe vybraných sociálnodemografických ukazovateľov. Sociálna situácia ako zložený jav. Diagnostické premenné. Konštrukcia syntetickej premennej. Výsledky analýzy.
Uložené v:
| Hlavný autor: | |
|---|---|
| Médium: | Kapitola |
| Jazyk: | Slovak |
| Predmet: | |
| Tagy: |
Žiadne tagy, Buďte prvý, kto otaguje tento záznam!
|
MARC
| LEADER | 00000naa$a2200000$$$4500 | ||
|---|---|---|---|
| 001 | 0051431 | ||
| 005 | 20240502071612.6 | ||
| 041 | 0 | |a slo | |
| 044 | |a SK | ||
| 245 | 1 | 0 | |a Analýza sociálnej situácie vybraných krajín Európskej únie |c Viera Labudová |
| 520 | |a Charakteristika postavenia krajín Višegradského zoskupenia medzi krajinami pôvodnej "pätnástky" a, to na základe vybraných sociálnodemografických ukazovateľov. Sociálna situácia ako zložený jav. Diagnostické premenné. Konštrukcia syntetickej premennej. Výsledky analýzy. | ||
| 610 | 2 | 0 | |a situácia sociálna |
| 610 | 2 | 0 | |a nezamestnanosť |
| 610 | 2 | 0 | |a ukazovatele ekonomické |
| 610 | 2 | 0 | |a Európska únia |
| 610 | 2 | 0 | |a krajiny tranzitívne |
| 610 | 2 | 0 | |a chudoba |
| 610 | 2 | 0 | |a analýza ekonometrická |
| 610 | 2 | 0 | |a úroveň životná |
| 100 | 1 | |a Labudová, Viera, 1958- | |